00475pab a2200157 454500008004000000100002700040245004200067260000900109300001400118650001700132650001800149773001700167909001000184999001700194952010600211180718b2005 xxu||||| |||| 00| 0 eng d aKurup, G. Radhakrishna aGandhian alternative to globalisation c2005 aP.157-79. aGandhi, M.K. aGlobalization aISDA Journal a67782 c67782d67782 00104070aIIPAbIIPAd2018-07-19hVolume no: 16, Issue no: 2-3pAR68238r2018-07-19w2018-07-19yAR